=LDR 00000nam 2200000 4500 =001 000980 =005 20250712021332 =035 ##$$a 0010-0725000859 =007 ta =008 250712################a##########0#ind## =020 ##$$a 978-623-307-427-8 =082 ##$$a 398. 209 598 =084 ##$$a 398. 209 598 SEN p =100 #$$a Sengupta, Anuradha =245 1#$$a Perjalanan Janice ke Pasar Pecinan /$c Anuradha Sengupta =250 ##$$a Cetakan Pertama =260 ##$$a Jakarta Timur :$b Badan Pengembangan dan Pembinaan Bahasa,$c 2024 =300 ##$$a 20 hlm : $b Ilus. ; $c 29 cm =650 #4$$a Cerita anak Indonesia-Terjemahan =650 #4$$a Literasi-Bahan Bacaan =990 ##$$a TBM202400647